Moderný sociálny štát a sociálna ekonomika - nástroje novej sociálnej politiky

Bibliographic Details
Main Author: Korimová, Gabriela, 1951- (Author)
Format: Article
Language:Slovak
ISSN:1335-7069
Subjects:

MARC

LEADER 00000nab a2200000 a 4500
001 vtls008953503
003 SK-MaSNL
005 20260304145745.0
008 250505c2006 xo fr|p|||||||000 b|slo
015 |a SNBRB2007/03  |2 snkbucl 
035 |a (uuid)1c018c00-0bff-4672-94f3-e0494906ffd4 
035 |a urn:nbn:sk:snk-abf4wl 
035 |a (urnnbn)urn:nbn:sk:snk:ar-a09op1 
038 |a SNKBUCL 
040 |a SNKBUCL  |b slo  |c SNKBUCL  |e AACR2 
041 0 |a slo  |b eng 
044 |a xo  |c SK 
080 |a 364.146.2  |2 2001 
080 |a 330.1:316.614  |2 2001 
080 |a 316.614  |2 2001 
100 1 |a Korimová, Gabriela,  |d 1951-  |4 aut  |9 217450 
245 1 0 |a Moderný sociálny štát a sociálna ekonomika - nástroje novej sociálnej politiky  |c Gabriela Korimová 
246 3 1 |a Modern social state and social economy - instruments of new social politics 
504 |a Bibliogr. odkazy 
546 |a Súbežný názov angl. ; res. angl. 
650 0 7 |a sociálny štát  |2 snkbucl  |9 3719 
650 0 7 |a sociálna ekonomika  |2 snkbucl  |9 79351 
650 0 7 |a sociálna politika  |2 snkbucl  |9 2333 
773 0 |t Ekonomika a spoločnosť = Journal of Economics and Social Research  |g Roč. 7, č. 2 (2006), s. 145-152  |x 1335-7069 
850 |a Slovenská národná knižnica 
852 |a Slovenská národná knižnica 
954 |a odborná, vedecká literatúra pôvodná (slovenská)  |2 lita 
958 |a article27 
958 |a NB 
958 |a OND 
958 |a EUIPO 
999 |c 2936739  |d 2938669